Young Multi - czy wymienisz wszystkie piosenki z płyt? - Statystyki

Ogólne statystyki
  • Ten quiz został rozwiązany 133 razy
  • Średni wynik to 43 z 64
Statystyki odpowiedzi
Nowa fala feat. % Poprawnych
SÓL
89%
TOXIC LUV White 2115
89%
BEZ SERCA Matiskater & Miszel
88%
Plecak
88%
Trap
88%
Diamenty Bedoes
86%
Pogba
85%
48100
84%
BALLADA O SAMOTNOŚCI (vlone)
82%
Nowa fala
82%
OSCAR White Widow
82%
FANTA Waima
81%
Trap II
81%
BEKSA
78%
9 ŻYĆ
77%
PRZEKRĘT Trill Pem
77%
TOAST [bonus track]
77%
ZIOMECZKI ZIOMY
77%
Kosmita Żabson
75%
TRILL
74%
BARDZO BOLI
73%
BLIK
73%
Nie wiem
73%
SKATE 3
73%
WOLNOŚĆ
73%
K4FLE! Żabson
71%
Podziały Peja
70%
S3N!
70%
Skrrt Beteo
70%
10K Matiskater
68%
Nowy sezon
68%
Ona dzwoni Merghani
68%
MODELKI Aleshen
67%
Skrzydła
66%
TORBA
66%
TSUNAMI
64%
Dron Koneser
63%
FAKE FREESTYLE
63%
TRAP FORTECA Simpson
63%
Kim ty jesteś?
62%
NIGDY NIE ŚPIĘ
62%
Pusta szklanka Adaem
62%
Warszawa nocą TXNSHI
62%
Hollywood [bonus track] Raff J.R. & Young Jacob
60%
MAM JUŻ DOŚĆ
60%
Ronaldinho
60%
Self Made
60%
Beast Mode
59%
Jeden dzień
59%
Kiedy odejdę Bedoes
59%
Noc rozliczenia
59%
Plan
59%
Więcej
59%
Córka tatusia
58%
FCK FAME A.M. & Skengdo
58%
TROTYL
58%
Plotki
56%
DRIP Co Cash
53%
High Life
53%
Pytasz mnie Merghani
52%
Błysk flesza
42%
Czemu nie wierzyłeś
42%
Lifestyle
42%
Droga [bonus track] Raff J.R.
33%
Nie znaleziono quizów pasujących do podanych kryteriów
Rozkład punktacji
Procent ludzi z każdym wynikiem
Percentyl według liczby udzielonych odpowiedzi
Twoja historia wyników
Nie rozwiązałeś tego quizu